LEADER 03633nam 2201021 a 450 001 996248123003316 005 20191023014409.0 010 $a0-674-25714-6 035 $a(CKB)2660000000000188 035 $a(dli)HEB05764 035 $a(SSID)ssj0000333273 035 $a(PQKBManifestationID)11295070 035 $a(PQKBTitleCode)TC0000333273 035 $a(PQKBWorkID)10357492 035 $a(PQKB)10280401 035 $a(EXLCZ)992660000000000188 100 $a19980518d1998 uy 0 101 0 $aeng 135 $aurmnummmmuuuu 181 $ctxt 182 $cc 183 $acr 200 14$aThe gospel of germs$b[electronic resource] $emen, women, and the microbe in American life /$fNancy Tomes 210 $aCambridge, Mass. $cHarvard University Press$d1998 215 $a1 online resource (xv, 351 p. ) 300 $aBibliographic Level Mode of Issuance: Monograph 320 $aIncludes bibliographical references (p. 269-341) and index. 410 0$aACLS Humanities E-Book. 531 $aThe Gospel of Germs 531 $aGospel of Germs 531 $aGospel of Germs: Men, Women and the Microbe in American Life 606 $aGerm theory of disease$xPublic opinion$xHistory$y19th century 606 $aGerm theory of disease$xPublic opinion$xHistory$y20th century 606 $aHygiene$zUnited States$xHistory$y19th century 606 $aHygiene$zUnited States$xHistory$y20th century 606 $aGerm theory of disease$xHistory$xPublic opinion$y19th century$zUnited States 606 $aGerm theory of disease$xPublic opinion$xHistory$y20th century$zUnited States 606 $aHygiene$xHistory$y19th century 606 $aHygiene$xHistory$y20th Century 606 $aPublic Opinion 606 $aHygiene 606 $aCommunicable Disease Control 606 $aSocial Control, Informal 606 $aPublic Health Practice 606 $aPublic Health 606 $aTherapeutics 606 $aEnvironment and Public Health 606 $aSociology 606 $aAnalytical, Diagnostic and Therapeutic Techniques and Equipment 606 $aHealth Care 606 $aSocial Sciences 606 $aAnthropology, Education, Sociology and Social Phenomena 606 $aPathology$2HILCC 606 $aMedicine$2HILCC 606 $aHealth & Biological Sciences$2HILCC 615 0$aGerm theory of disease$xPublic opinion$xHistory 615 0$aGerm theory of disease$xPublic opinion$xHistory 615 0$aHygiene$xHistory 615 0$aHygiene$xHistory 615 0$aGerm theory of disease$xHistory$xPublic opinion 615 0$aGerm theory of disease$xPublic opinion$xHistory 615 0$aHygiene$xHistory 615 0$aHygiene$xHistory 615 2$aPublic Opinion 615 2$aHygiene 615 2$aCommunicable Disease Control 615 2$aSocial Control, Informal 615 2$aPublic Health Practice 615 2$aPublic Health 615 2$aTherapeutics 615 2$aEnvironment and Public Health 615 2$aSociology 615 2$aAnalytical, Diagnostic and Therapeutic Techniques and Equipment 615 2$aHealth Care 615 2$aSocial Sciences 615 2$aAnthropology, Education, Sociology and Social Phenomena 615 7$aPathology 615 7$aMedicine 615 7$aHealth & Biological Sciences 676 $a616/.01/0973 700 $aTomes$b Nancy$f1952-$01021013 712 02$aAmerican Council of Learned Societies. 801 0$bMiU 801 1$bMiU 906 $aBOOK 912 $a996248123003316 996 $aThe gospel of germs$92417785 997 $aUNISA LEADER 02089oam 2200565M 450 001 9910716392703321 005 20200213070540.6 035 $a(CKB)5470000002520204 035 $a(OCoLC)1065857341 035 $a(OCoLC)995470000002520204 035 $a(EXLCZ)995470000002520204 100 $a20071213d1926 ua 0 101 0 $aeng 135 $aurcn||||||||| 181 $ctxt$2rdacontent 182 $cc$2rdamedia 183 $acr$2rdacarrier 200 10$aInvestigation of the textile, steel and aluminum industries. June 21 (calendar day, June 22), 1926. -- Ordered to be printed 210 1$a[Washington, D.C.] :$c[U.S. Government Printing Office],$d1926. 215 $a1 online resource (2 pages) 225 1 $aSenate report / 69th Congress, 1st session. Senate ;$vno. 1122 225 1 $a[United States congressional serial set] ;$v[serial no. 8528] 300 $aBatch processed record: Metadata reviewed, not verified. Some fields updated by batch processes. 300 $aFDLP item number not assigned. 517 $aInvestigation of the textile, steel and aluminum industries. June 21 606 $aAluminum industry and trade 606 $aAluminum 606 $aGovernmental investigations$zUnited States 606 $aIron industry and trade 606 $aSteel industry and trade 606 $aTextile industry 606 $aWages 606 $aWork environment 608 $aLegislative materials.$2lcgft 615 0$aAluminum industry and trade. 615 0$aAluminum. 615 0$aGovernmental investigations 615 0$aIron industry and trade. 615 0$aSteel industry and trade. 615 0$aTextile industry. 615 0$aWages. 615 0$aWork environment. 701 $aBingham$b Hiram$f1875-1956$pRepublican (CT)$0463205 801 0$bWYU 801 1$bWYU 801 2$bOCLCO 906 $aBOOK 912 $a9910716392703321 996 $aInvestigation of the textile, steel and aluminum industries. June 21 (calendar day, June 22), 1926. -- Ordered to be printed$93471308 997 $aUNINA LEADER 03717nam0 2200673 i 450 001 CFI0134916 005 20251003044124.0 010 $a8878020621 020 $aIT$b90-9881 100 $a19901022d1988 ||||0itac50 ba 101 | $aita 102 $ait 181 1$6z01$ai $bxxxe 182 1$6z01$an 200 1 $aFinanza, economia ed intervento pubblico dall'unificazione agli anni Trenta$fPaolo Frascani 210 $aNapoli$cnella sede dell'Istituto$d1988 215 $aXIV, 242 p.$d24 cm 225 | $aRicerche di storia economica$v2 300 $aIn cop.: Istituto italiano per gli studi filosofici. 410 0$1001CFI0059935$12001 $aRicerche di storia economica$v2 606 $aItalia$xPolitica finanziaria$x1870-1935$2FIR$3CFIC048656$9I 606 $aFinanza$2FIR$3CFIC028836$9E 606 $aEconomia$2FIR$3CFIC000524$9E 676 $a336.45$9FINANZA PUBBLICA. ITALIA$v19 676 $a336.45$9FINANZA PUBBLICA. Italia$v21 676 $a336.45$9FINANZA PUBBLICA. Italia$v23 686 $aIT/X422.6$cPOLITICA ECONOMICA ITALIA$2R 686 $aIT/X430.0$cECONOMIA E SOCIETA ITALIA$2R 686 $aIT/X435.0$cFINANZA CREDITO MONETA ITALIA$2R 686 $aIT/X435.1$cPOLITICA E LEGISLAZIONE FINANZIARIA ITALIA$2R 686 $aIT/X435.4$cSISTEMA TRIBUTARIO IMPOSTE TASSE ITALIA$2R 686 $aIT/X435.9$cFINANZA LOCALE (ENTI LOCALI) ITALIA$2R 696 $aAttivitą finanziarie$aIndustria finanziaria$aEconomia finanziaria 696 $aEconomia reale$aAttivitą economiche$aAspetti economici 699 $aFinanza$zAttivitą finanziarie 699 $aFinanza$yIndustria finanziaria 699 $aFinanza$yEconomia finanziaria 699 $aEconomia$yEconomia reale 699 $aEconomia$zAttivitą economiche 699 $aEconomia$zAspetti economici 700 1$aFrascani$b, Paolo$3CFIV008424$4070$0122799 801 3$aIT$bIT-000000$c19901022 850 $aIT-BN0095 $aIT-NA0481 $aIT-SA0051 $aIT-NA0663 $aIT-NA0299 $aIT-NA0043 $aIT-NA0079 $aIT-BN0098 $aIT-NA0230 $aIT-NA0452 $aIT-NA0097 901 $bNAP SP$cSCIROCCO $nFondo Scirocco 901 $bNAP AD$cFREIS $nFondo Raimondi - Economia, Industria e Scienze 901 $bNAP BN$cMAGAZZINO $nmagazzini correnti divisi per anni 901 $bNAP 50$cBIBLIOTECA$nComprende pubblicazioni inerenti a varie discipline 901 $bNAP IS$cISEM $nSezione di storia economica dell'ex Istituto di storia economica del Mezzogiorno 901 $bNAP 17$cPUBBL.IST.$n$ 901 $bNAP IR$cF. CARIA $n$ 901 $bNAP CU$cVITA E P. $n$ 901 $bNAP 01$cPOZZO LIB.$nVi sono collocati fondi di economia, periodici di ingegneria e scienze, periodici di economia e statistica e altri fondi comprendenti documenti di economia pervenuti in dono. 901 $bNAP AG$cF.AVOLIO $n$ 912 $aCFI0134916 950 0$aBiblioteca Centralizzata di Ateneo$c1 v.$d 01POZZO LIB.ECON MON 9590$e 0101 0000091185E VMA 1 v. (precedente collocazione: GUERRAZZI B 531)$fB $h20071113$i20071113$c1 v.$d 01POZZO LIB.F. PARRAVICINI 49$e 0101 0600159285E VMA 1 v. (Precedente collocazione P 73)$fB $h20220721$i20220721 950 0$aBiblioteca dell'Associazione Amici degli Archivi onlus$c1 v.$d ADFREIS 03. A 0022$e AD 0000023935 VMA 1 v.$fB $h20160128$i20160128 977 $a 01$a 17$a 50$a AD$a AG$a AN$a BN$a CU$a IR$a IS$a SP 996 $aFinanza, economia ed intervento pubblico dall'unificazione agli anni Trenta$962532 997 $aUNISANNIO